| 000 | 00656nam a22001937a 4500 | ||
|---|---|---|---|
| 005 | 20251108175257.0 | ||
| 008 | 250721s2014 xx 000 0 ara d | ||
| 082 | 1 | 4 | _a636.089/ كوا |
| 100 | 1 |
_aكوامن، ديفيد _eمؤلف |
|
| 245 | 1 | 0 | _aالفيض أمراض الحيوانات المعدية و جائحة الوباء التالية بين البشر / |
| 264 |
_bالمجلس الوطني للثقافة، _c2014. |
||
| 300 | _a2ج. | ||
| 650 | 1 | 7 | _aامراض الحيوان |
| 650 | 1 | 7 | _aالطب البيطري |
| 650 | 1 | 7 | _aالادوية |
| 700 | 1 | _aفهمي، مصطفى إبراهيم | |
| 942 |
_2ddc _cBK |
||
| 999 |
_c130364 _d130364 |
||